000 00282nam a2200121Ia 4500
008 191201s2008 xx 000 0 und d
100 _aKOTLER,Philip
245 0 _aPrinciples of Management
260 _aN. Delhi
_bPHI
_c2008
300 _a597+misc
650 _aBBA
942 _2ddc
_cBK
999 _c6574
_d6574